| 000 -LEADER |
| fixed length control field |
00732nam a22001937a 4500 |
| 005 - DATE AND TIME OF LATEST TRANSACTION |
| control field |
20221105210525.0 |
| 008 - FIXED-LENGTH DATA ELEMENTS--GENERAL INFORMATION |
| fixed length control field |
200728s2018 enk||||| |||| 00| 0 eng d |
| 020 ## - INTERNATIONAL STANDARD BOOK NUMBER |
| International Standard Book Number |
9781982964818 1 |
| 041 ## - LANGUAGE CODE |
| Language code of text/sound track or separate title |
eng |
| 080 ## - UNIVERSAL DECIMAL CLASSIFICATION NUMBER |
| Universal Decimal Classification number |
616-073 A-54 |
| 100 ## - MAIN ENTRY--PERSONAL NAME |
| Personal name |
Andersson, David |
| 9 (RLIN) |
9068 |
| 245 ## - TITLE STATEMENT |
| Title |
Fluids and Electrolytes: |
| Remainder of title |
A Thorough Guide covering Fluids, Electrolytes and Acid-Base Balance of the Human Body |
| Statement of responsibility, etc. |
David Andersson. |
| 264 ## - PRODUCTION, PUBLICATION, DISTRIBUTION, MANUFACTURE, AND COPYRIGHT NOTICE |
| Place of production, publication, distribution, manufacture |
Middletown: |
| Name of producer, publisher, distributor, manufacturer |
Independently published, |
| Date of production, publication, distribution, manufacture, or copyright notice |
2018. |
| 300 ## - PHYSICAL DESCRIPTION |
| Extent |
154 pages |
| Other physical details |
23 cm. |
| 653 ## - INDEX TERM--UNCONTROLLED |
| keyword |
სითხეები და ელექტროლიტები |
| 653 ## - INDEX TERM--UNCONTROLLED |
| keyword |
მედიცინა |
| 653 ## - INDEX TERM--UNCONTROLLED |
| keyword |
სითხის ელექტროლიტები |
| 942 ## - ADDED ENTRY ELEMENTS (KOHA) |
| Source of classification or shelving scheme |
|
| Koha item type |
წიგნი |